Fußball WM Gastgeberland? #6 - Statistiken

Allgemein
  • Dieses Quiz wurde 210 mal gespielt
  • Das Durchschnittsergebnis liegt bei 7 aus 8
Antwortstatistiken
Hint Antwort % Korrekt
Südafrika Ja
94%
Norwegen Nein
94%
Ecuador Nein
94%
Kroatien Nein
91%
Uruguay Ja
90%
Griechenland Nein
83%
Südkorea Ja
82%
Marokko Ja
27%
Keine übereinstimmenden Quizze gefunden
Verteilung der Resultate
Anzahl Personen mit jedem Resultat
Perzentil nach korrekt beantworteten Fragen
Ihre Resultats-Entwicklung
Sie haben dieses Quiz noch nicht gespielt